000 00346nam a2200169Ia 4500
100 _aFellers/Gary
650 _aGeneral
942 _cBK
366 _f20
654 _ago wrong
245 _aWhy things go wrong
260 _bMagna Publishers
_aMumbai
_c1994
082 _a658/FEL
_bFEL
300 _a126
546 _aENGLISH
999 _c34929
_d34929